=LDR 00000nam 2200000 4500 =001 NUTBA000000000005950 =005 20141114090744.0 =006 =007 =008 =020 ##$$a 978-979-29-1531-0 =035 ##$$a 0010-111400000000429 =040 ##$$a NBPDMAT =082 ##$$a 639.34 =090 ##$$a 639.34 $b War b =100 ##$$a Warisno =245 ##$$a Buku pintar akuarium air tawar / $c Warisno , Kres Dahana =250 ##$$a Cet.1 =260 ##$$a Yogyakarta : Andi, $c 2010 =300 ##$$a v, 110 hlm. : $b ilus. ; $c 19 cm. =650 ##$$a Kres Dahana =850 ##$$a NBPDMAT